000 00608nam a2200205Ii 4500
003 JO-AjNU
008 230606s9999||||xx |||||||||||||| ||und||
020 _a978-93-80199-55-9
040 _aJO-AjNU
_beng
_erda
_cJO-AjNU
041 _aeng
050 1 4 _aQA303.A33.2011
100 3 _asingh.u.p/siddiqui,n.h,
_eauthor
_93765
245 0 2 _aA text book of Dufferntial calculus
264 3 1 _aWisdom press:new delhi,2011
300 _a240p
336 _atext
_btxt
_2rdacontent
337 _aunmediated
_bn
_2rdamedia
338 _avolume
_bnc
_2rdacarrier
650 4 _aAtext book of Dufferntial calculus
_93766
999 _aE1965
_c1965
_d1965